| 000 | 00821nam a2200217 a 4500 | ||
|---|---|---|---|
| 001 | 000014638 | ||
| 005 | 20200929163858.0 | ||
| 008 | 100116s2000 mx a 000 0 spa d | ||
| 040 |
_aDO-SdBNP _bspa _cBNPHU |
||
| 082 |
_aM864.44 _bT355p |
||
| 245 | 0 | 0 |
_aTextos y pre-textos de Salvador Reyes Hurtado / _cArturo Molina García. |
| 260 |
_aMichoacán : _bCasa San Nicolás ; _bFrente de Afirmación Hispanista ; _bForo Cultural Morelos ; _bMichoacanas, _c2000. |
||
| 300 |
_a159, [6] p. : _bil. ; _c21 cm. |
||
| 490 | 1 |
_aEdiciones Casa de San Nicolás _v91 |
|
| 600 | 1 | 0 |
_aREYES HURTADO, SALVADOR _d1923-1999 _933169 |
| 650 | 4 |
_aEnsayos mexicanos _91921 |
|
| 650 | 4 |
_aLiteratura mexicana _ySIGLO XX _99216 |
|
| 700 | 1 |
_aMolina García, Arturo. _933170 |
|
| 830 | 0 |
_aEdiciones Casa de San Nicolás ; _v91 _933171 |
|
| 049 | _aBNGR | ||
| 999 |
_c14222 _d14222 |
||